Združenie miest a obcí Slovenska Adresár krajských a okresných úradov

Bibliographic Details
Format: Article
Language:Slovak
Subjects:

MARC

LEADER 00000nab a2200000 a 4500
001 vtls000600401
003 SK-MaSNL
005 20260303015958.0
008 160401c1996 xo 0 slo
015 |a SNBRB19rr/mm-uuuuu 
035 |a CL0600540 
040 |a SNKBUCL  |b slo  |c SNKBUCL  |e AACR2 
041 0 |a slo 
044 |a xo  |c SK 
080 |a 353.075(437.6)(058)  |2 1981 
245 0 0 |a Združenie miest a obcí Slovenska  |b Adresár krajských a okresných úradov 
500 |a Pokračovanie v č. 42/1996 
650 0 7 |a úrady okresné  |2 snkbucl  |9 846418 
650 0 7 |a krajské úrady  |2 snkbucl  |9 29933 
655 7 |a články z novín a časopisov  |2 snkbucl  |9 267496 
773 0 |t Obecné noviny  |g Roč. 6, č. 41 (1996), s. 15-16 
850 |a Slovenská národná knižnica v Martine  |a MTA001 
852 |a SNK  |b KIS3GCP 
958 |a SK 
958 |a NX 
958 |a RK 
958 |a RBX 
999 |c 1615921  |d 1617851